[Event "ch-FRA Accession 2014"]
[Site "Nimes FRA"]
[Date "2014.08.28"]
[Round "11.5"]
[White "Bellahcene, Bilel"]
[Black "Navrotescu, Catalin"]
[Result "1/2-1/2"]
[WhiteTitle "FM"]
[BlackTitle "IM"]
[WhiteElo "2357"]
[BlackElo "2406"]
[WhiteFideId "696358"]
[BlackFideId "1200208"]
[EventDate "2014.08.17"]

1. d4 f5 2. Qd3 d5 3. g4 fxg4 4. Nc3 Nc6 5. Bg5 Nh6 6. O-O-O Bf5 7. e4 dxe4 8.
Qb5 Qd7 9. Qxb7 Rb8 10. Qa6 Rb6 11. Qa4 Rb4 12. Qa6 Rb6 13. Qc4 Rb4 14. Qd5 Rxd4
15. Rxd4 Nxd4 16. Qa8+ Kf7 17. Bc4+ e6 18. Nge2 Be7 19. Qxh8 Bxg5+ 20. Kb1 e3
21. Nxd4 Qxd4 22. Bb5 c6 23. Rd1 Qb6 24. fxe3 cxb5 25. e4 b4 26. Na4 Qb5 27.
exf5 Nxf5 28. Qxh7 Qxa4 29. Qh5+ Kf6 30. Qxg4 Qb5 31. Rd3 a5 32. a3 Be3 33. h4
Bc5 34. Qg5+ Kf7 35. axb4 axb4 36. h5 Bd4 37. Qg6+ Ke7 38. Rxd4 Qf1+ 39. Ka2
Qa6+ 40. Kb1 Qf1+ 41. Ka2 Nxd4 42. Qxg7+ Qf7 43. Qe5 b3+ 44. cxb3 Nf5 45. b4
Qxh5 46. b5 Qf3 47. Qc7+ Kf6 48. Qd8+ Ke5 49. Qh8+ Kf4 50. Qb8+ Ke3 51. Qe5+ Qe4
52. Qc3+ Ke2 53. Ka3 Nd6 54. Qc5 Nc4+ 55. Kb3 Nd2+ 56. Ka3 e5 57. b3 Qa8+ 58.
Kb4 Qe4+ 59. Ka3 Qa8+ 60. Kb4 Qe4+ 61. Ka3 1/2-1/2

[Event "ch-FRA Accession 2014"]
[Site "Nimes FRA"]
[Date "2014.08.28"]
[Round "11.7"]
[White "Sochacki, Christophe"]
[Black "Collas, Didier"]
[Result "0-1"]
[WhiteTitle "IM"]
[BlackTitle "IM"]
[WhiteElo "2431"]
[BlackElo "2362"]
[WhiteFideId "662569"]
[BlackFideId "602680"]
[EventDate "2014.08.17"]

1. d4 Nf6 2. c4 g6 3. g3 Bg7 4. Bg2 O-O 5. Nc3 d6 6. Nf3 Nc6 7. O-O a6 8. d5 Na5
9. Nd2 c5 10. Qc2 Rb8 11. b3 b5 12. Bb2 e5 13. e4 bxc4 14. bxc4 Bh6 15. f4 exf4
16. Ne2 Ng4 17. gxf4 Ne3 18. Qc3 Rxb2 19. Qxe3 Qf6 20. h3 Bd7 21. Qd3 Rxd2 22.
Qxd2 Nxc4 23. Qc1 Nb6 24. Rb1 Bb5 25. Rf2 Na4 26. Qc2 Bg7 27. Re1 Qh4 28. f5 Be5
29. Bf1 Kh8 30. fxg6 Rg8 31. Bg2 Rxg6 32. Qd2 f6 33. Qa5 Rg8 34. Qc7 Nb2 35. Qf7
Nd3 36. Ref1 Nxf2 37. Rxf2 Qg5 38. h4 Qxh4 39. Kf1 Bc4 0-1

[Event "ch-FRA Accession 2014"]
[Site "Nimes FRA"]
[Date "2014.08.28"]
[Round "11.8"]
[White "Le Corre, Benjamin"]
[Black "Lazarev, Vladimir"]
[Result "0-1"]
[WhiteTitle "FM"]
[BlackTitle "GM"]
[WhiteElo "2266"]
[BlackElo "2400"]
[WhiteFideId "639605"]
[BlackFideId "4113250"]
[EventDate "2014.08.17"]

1. e4 c5 2. Nf3 Nc6 3. d4 cxd4 4. Nxd4 Qc7 5. Nc3 e6 6. g3 a6 7. Bg2 Nf6 8. O-O
d6 9. Re1 Nd7 10. Nce2 Be7 11. b3 O-O 12. Bb2 Nf6 13. Nxc6 bxc6 14. c4 Nd7 15.
Qc2 Bb7 16. Nc3 c5 17. f4 Bf6 18. Na4 Bxb2 19. Qxb2 e5 20. Rad1 exf4 21. gxf4
Rad8 22. Nc3 Rfe8 23. Re3 f5 24. Rg3 Nf6 25. exf5 Bxg2 26. Qxg2 Kh8 27. Kh1 Qf7
28. Rgd3 Rd7 29. Qf3 Rde7 30. Rg1 h6 31. Qg2 Re3 32. Qd2 Qb7+ 33. Nd5 Re2 34.
Qc3 Ne4 35. f6 Nxc3 36. Rxc3 Re1 0-1

[Event "ch-FRA Accession 2014"]
[Site "Nimes FRA"]
[Date "2014.08.28"]
[Round "11.10"]
[White "Favarel, Antoine"]
[Black "Eden, James"]
[Result "1-0"]
[WhiteTitle "FM"]
[WhiteElo "2362"]
[BlackElo "2192"]
[WhiteFideId "642371"]
[BlackFideId "666491"]
[EventDate "2014.08.17"]

1. d4 Nf6 2. c4 g6 3. g3 Bg7 4. Bg2 O-O 5. Nf3 d6 6. Nc3 Nc6 7. O-O a6 8. Qd3 e5
9. dxe5 dxe5 10. Qxd8 Rxd8 11. Bg5 Re8 12. Rfd1 h6 13. Bxf6 Bxf6 14. Nd2 Bd8 15.
Nb3 Be6 16. Nc5 Bxc4 17. Nxb7 Nd4 18. Na5 Bxe2 19. Bxa8 Bxd1 20. Rxd1 c6 21.
Nxc6 Bb6 22. Bb7 1-0

[Event "ch-FRA Accession 2014"]
[Site "Nimes FRA"]
[Date "2014.08.28"]
[Round "11.11"]
[White "Mirimanian, Hayk"]
[Black "Giroyan, Gary"]
[Result "1/2-1/2"]
[BlackTitle "IM"]
[WhiteElo "2260"]
[BlackElo "2359"]
[WhiteFideId "4700180"]
[BlackFideId "680281"]
[EventDate "2014.08.17"]

1. e4 c5 2. Nf3 e6 3. b3 d5 4. exd5 exd5 5. Bb2 Nf6 6. Bb5+ Bd7 7. Qe2+ Be7 8.
Ne5 O-O 9. Nxd7 Nbxd7 10. O-O a6 11. Bxd7 Qxd7 12. d4 Rfe8 13. dxc5 Bxc5 14. Qd3
Ng4 15. Nd2 Ne5 16. Bxe5 Rxe5 17. Nf3 Ree8 18. Rfe1 Rac8 19. Rxe8+ Rxe8 20. Rd1
Bb6 21. c4 d4 22. Kf1 h6 23. Re1 Rxe1+ 24. Nxe1 Qd6 25. h3 Qa3 26. Qc2 Ba5 27.
Nd3 Bc3 28. Qe2 Kf8 29. g3 Qd6 30. Qe4 Qd7 31. Kg2 Qc7 32. Qd5 a5 33. Qc5+ Qxc5
34. Nxc5 Ke7 35. Kf3 Bb4 36. Nd3 Bc3 37. Ke4 Kd6 38. f4 b6 39. f5 Ba1 40. g4 Bc3
41. Ne5 Kc5 42. Nxf7 Kb4 43. Kd3 Ka3 44. Kc2 Kxa2 45. Ne5 Bb4 46. Nd3 Be7 47.
Nf4 Bd6 48. Nd3 Bg3 1/2-1/2

[Event "ch-FRA Accession 2014"]
[Site "Nimes FRA"]
[Date "2014.08.28"]
[Round "11.15"]
[White "Mullon, Jean-Baptiste"]
[Black "Burri, Quentin"]
[Result "1-0"]
[WhiteTitle "IM"]
[WhiteElo "2430"]
[BlackElo "2211"]
[WhiteFideId "613606"]
[BlackFideId "26028654"]
[EventDate "2014.08.17"]

1. e4 c5 2. Nf3 d6 3. Bc4 Nf6 4. d3 g6 5. O-O Bg7 6. c3 O-O 7. Bb3 Nc6 8. Re1 b5
9. h3 Bb7 10. d4 cxd4 11. cxd4 Na5 12. Bc2 Rc8 13. Nbd2 Nc6 14. a3 e5 15. d5 Na5
16. Bd3 a6 17. a4 b4 18. Qe2 Qb6 19. Nc4 Nxc4 20. Bxc4 a5 21. Bb5 Qc7 22. Bg5
Qc2 23. Nd2 Qxb2 24. Rab1 Qc2 25. Bxf6 Bxf6 26. Nc4 Qxe2 27. Rxe2 Rxc4 28. Bxc4
Rc8 29. Rc2 Bg5 30. Rbb2 Kg7 31. Bd3 Bc1 32. Rxc8 Bxb2 33. Rc7 Ba8 34. Ra7 1-0